Catálogo Biblioteca Central

La práctica de las notificaciones administrativas, mediante correo (Registro nro. 79388)

Detalles MARC
000 -CABECERA
campo de control de longitud fija 01010naa a2200265 i 4500
001 - NÚMERO DE CONTROL
campo de control 79388
003 - IDENTIFICADOR DEL NÚMERO DE CONTROL
campo de control ES-MaBCM
005 - FECHA Y HORA DE LA ÚLTIMA TRANSACCIÓN
campo de control 20241016120650.0
008 - CÓDIGOS DE INFORMACIÓN DE LONGITUD FIJA
campo de control de longitud fija 011129s2001 esp 000 0 spa d
021 ## -
-- xx
035 ## - NÚMERO DE CONTROL DEL SISTEMA
Número de control de sistema (OCoLC)1365183642
040 ## - FUENTE DE LA CATALOGACIÓN
Centro transcriptor ES-MaBCM
041 0# - CÓDIGO DE LENGUA
Código de lengua del texto/banda sonora o título independiente spa
043 ## - CÓDIGO DE ÁREA GEOGRÁFICA
Código de área geográfica esp
100 1# - PUNTO DE ACCESO PRINCIPAL - NOMBRE DE PERSONA
Nombre de persona Rodríguez Díaz, Óscar
9 (RLIN) 40042
245 13 - MENCIÓN DE TÍTULO
Título La práctica de las notificaciones administrativas, mediante correo
Resto del título : especial consideración a la Sentencia del Tribunal Supremo de 12-12-1997 y su incidencia tras la reforma de la Ley 30/1992 y la reforma de la Ley de servicios postales
Mención de responsabilidad etc. Óscar Rodríguez Díaz
650 27 - PUNTO DE ACCESO ADICIONAL DE MATERIA--TÉRMINO DE MATERIA
Término de materia o nombre geográfico como elemento inicial Notificación administrativa
9 (RLIN) 59556
650 #7 - PUNTO DE ACCESO ADICIONAL DE MATERIA--TÉRMINO DE MATERIA
Término de materia o nombre geográfico como elemento inicial Servicio postal
9 (RLIN) 58155
651 24 - PUNTO DE ACCESO ADICIONAL DE MATERIA--NOMBRE GEOGRÁFICO
Nombre geográfico España
9 (RLIN) 115342
655 #4 - TÉRMINO DE INDIZACIÓN--GÉNERO/FORMA
Datos o término principal de género/forma Jurisprudencia comentada
9 (RLIN) 59143
655 #4 - TÉRMINO DE INDIZACIÓN--GÉNERO/FORMA
Datos o término principal de género/forma Legislación comentada
9 (RLIN) 115338
773 0# - ENLACE AL DOCUMENTO FUENTE
Encabezamiento principal En:
Título Revista jurídica de Castilla La Mancha
Lugar editor y fecha de publicación Toledo : 2001
Número de control del registro relacionado 104941
Parte(s) relacionada(s) n. 31, sept., p. 291-310. - Loc. S.400
908 ## - COLOCAR PARÁMETRO DE COMANDO (RLIN)
Colocar parámetro de comando OCL
942 ## - ELEMENTOS DE PUNTO DE ACCESO ADICIONAL (KOHA)
Tipo de ítem Koha Artículos de revistas
Existencias
Estado de retiro Estado de pérdida Estado dañado No para préstamo Localización permanente Ubicación/localización actual Fecha de adquisición Total de préstamos Precio válido a partir de Tipo de ítem Koha
        Biblioteca Central del Ministerio de la Presidencia Biblioteca Central del Ministerio de la Presidencia 21/04/2012   21/04/2012 Artículos de revistas